| 000 | 00631cam a2200217 a 4500 | ||
|---|---|---|---|
| 001 | 000007947 | ||
| 005 | 20200929154349.0 | ||
| 008 | 940914s1993 sp 000 1 spa | ||
| 020 | _a8423979059 | ||
| 040 |
_aDO-SdBNP _cDLC |
||
| 082 |
_a863.62 _bS718L |
||
| 100 | 1 |
_aSoto, Vicente, _d1919- _921753 |
|
| 245 | 1 | 0 |
_aLuna creciente, luna menguate / _cVicente Soto. |
| 260 |
_aMadrid : _bEspasa Calpe, _c1993. |
||
| 300 |
_a250 p. ; _c21 cm. |
||
| 490 | 1 | _aEspasa Literaria | |
| 650 | 4 |
_aNovela española _91123 |
|
| 650 | 4 |
_aLiteratura española _9632 |
|
| 830 | 0 |
_aEspasa Literaria _921754 |
|
| 910 | _aCatalogación por copia / LC | ||
| 999 |
_c7725 _d7725 |
||